Impacts of Shrimp Culture on Environmental and Socio-Economic Conditions in Coastal Region of South-West Bangladesh / (Record no. 83976)
[ view plain ]
| 000 -LEADER | |
|---|---|
| fixed length control field | 00961nam a2200241 a 4500 |
| 001 - CONTROL NUMBER | |
| RUCL Control Number | 83976 |
| 003 - CONTROL NUMBER IDENTIFIER | |
| rucl marc code | BD-RjUL |
| 005 - DATE AND TIME OF LATEST TRANSACTION | |
| control field | 20240908100211.0 |
| 008 - FIXED-LENGTH DATA ELEMENTS--GENERAL INFORMATION | |
| fixed length control field | 240908s2007 bg a|||| m||| 00| 0 eng d |
| 035 ## - SYSTEM CONTROL NUMBER | |
| system control number | (BD-RjUL)83976 |
| 040 ## - CATALOGING SOURCE | |
| Original cataloging agency | BD-RjUL |
| Language of cataloging | eng |
| Transcribing agency | BD-RjUL |
| Modifying agency | BD-RjUL |
| 041 ## - LANGUAGE CODE | |
| Language code of Book | eng |
| 082 ## - DEWEY DECIMAL CLASSIFICATION NUMBER | |
| DDC Edition number | 23 |
| Classification number | 639.68 |
| Author mark and Year | HAI 2007 |
| 100 ## - MAIN ENTRY--PERSONAL NAME | |
| Personal name | Haque, A. K. M. Munirul |
| 9 (RLIN) | 13470 |
| 245 10 - TITLE STATEMENT | |
| Title | Impacts of Shrimp Culture on Environmental and Socio-Economic Conditions in Coastal Region of South-West Bangladesh / |
| Statement of responsibility, etc | By A. K. M. Munirul Haque ; |
| Name of Supervisor/Co-Supervisor | Supervisor : Md. Sarwar Jahan |
| 260 ## - PUBLICATION, DISTRIBUTION, ETC. (IMPRINT) | |
| Place of publication, distribution, etc | Rajshahi : |
| Name of publisher, distributor, etc | Institute of Environmental Science, University of Rajshahi, |
| Date of publication, distribution, etc | 2007 |
| 300 ## - PHYSICAL DESCRIPTION | |
| Pagination | xvi, 235 Leaves : |
| Other physical details | ill, ; |
| Dimensions | 29 cm. |
| 502 ## - DISSERTATION NOTE | |
| Dissertation note | Thesis (Ph. D.) -- Institute of Environmental Science, University of Rajshahi, 2007 |
| 504 ## - BIBLIOGRAPHY, ETC. NOTE | |
| Bibliography, etc | References : Leaves [172]-183 |
| 650 ## - SUBJECT ADDED ENTRY--TOPICAL TERM | |
| Topical term or geographic name as entry element | Fisheries |
| Form subdivision | Shrimp |
| 9 (RLIN) | 13471 |
| 700 ## - ADDED ENTRY--SUPERVISOR/CO-SUPERVISOR NAME | |
| Personal name | Jahan, Md. Sarwar, Supervisor |
| 9 (RLIN) | 1916 |
| 942 ## - ADDED ENTRY ELEMENTS (KOHA) | |
| Source of classification or shelving scheme | Dewey Decimal Classification |
| Koha item type | Theses |
| Source of classification or shelving scheme | Damaged status | Not for loan | Collection code | Permanent Location | Current Location | Shelving location | Date of accession | Source of acquisition | Total Checkouts | Full call number | Barcode | Date last seen | Copy number | Thesis |
|---|---|---|---|---|---|---|---|---|---|---|---|---|---|---|
| Dewey Decimal Classification | Not For Loan | Theses | Central Library, University of Rajshahi | Central Library, University of Rajshahi | Documentation Section | 23/04/2008 | Controller of Exam. R. U. | THE 639.68 HAI 2007 | D2877 | 08/09/2024 | C-I | Theses |